000
00209nam a2200109Ia 4500
100
_a
#N/A
942
_c
BK
654
_a
product
245
_a
Product Management in India
260
_b
#N/A
546
_a
ENGLISH
999
_c
23010
_d
23010